000 00599nam a2200193Ia 4500
003 GCL
008 140319s9999 xx 000 0 ara d
040 _aGCL /
_cGCL
082 0 4 _aط
_b372.63
_bد ا
100 1 _aدار الكتاب الحديث
245 1 0 _aالالف باء رقعة ونسخ: الخط العربى للمبتدئين /
_cدار الكتاب الحديث
260 _a[S.N] :
_bدار الكتاب الحديث
300 _a27 ص
490 _a
650 0 4 _aالاطفال
650 0 4 _aتعليم الاطفال
650 0 4 _aالخط العربى
942 _2ddc
_cBK
999 _c56821
_d56821